Bands by Members - Statistics

General Stats
  • This quiz has been taken 46 times
  • The average score is 21 of 30
Answer Stats
Hint Answer % Correct
Osbourne, Iommi, Butler, Ward Black Sabbath
100%
Cobain, Novoselic, Grohl Nirvana
100%
Lennon, Harrison, McCartney, Starr The Beatles
98%
Roth, Van Halen, Anthony, Van Halen Van Halen
95%
Rose, Slash, Stradlin, McKagan, Adler Guns N' Roses
93%
Jagger, Richards, Wood, Wyman, Watts The Rolling Stones
91%
Plant, Page, Jones, Bonham Led Zeppelin
88%
Mercury, May, Deacon, Taylor Queen
88%
Gallagher, Gallagher, Arthurs, McGuigan, White Oasis
84%
Hetfield, Hammet, Trujillo, Ulrich Metallica
81%
Rotten, Jones, Vicious, Cook Sex Pistols
79%
Armstrong, Dirnt, Cool Green Day
77%
Vedder, McCready, Gossard, Ament, Cameron Pearl Jam
77%
Waters, Wright, Mason, Gilmour Pink Floyd
74%
Yorke, Greenwood, Greenwood, O'Brien, Selway Radiohead
74%
Kiedis, Frusciante, Flea, Smith Red Hot Chili Peppers
74%
Daltrey, Townshend, Entwistle, Moon The Who
72%
Stanley, Frehley, Simmons, Criss Kiss
70%
Cornell, Thayil, Shepherd, Cameron Soundgarden
70%
Dickinson, Murray, Smith, Harris, McBrain Iron Maiden
63%
Johnson, Young, Young, Williams, Rudd AC/DC
60%
Mustaine, Friedman, Ellefson, Menza Megadeth
56%
Neil, Mars, Sixx, Lee Motley Crue
56%
Strummer, Jones, Simonon, Headon The Clash
51%
Staley, Cantrell, Starr, Kinney Alice In Chains
49%
Anselmo, Darrel, Brown, Paul Pantera
42%
Halford, Downing, Tipton, Hill, Travis Judas Priest
35%
Smith, Gabrels, Gallup, O'Donnell, Cooper The Cure
33%
Moreno, Carpenter, Cheng, Cunningham, Delgado Deftones
23%
Steele, Hickey, Kelly, Silver Type O Negative
14%
No matching quizzes found
Score Distribution
Percent of People with Each Score
Percentile by Number Answered
Your Score History
You have not taken this quiz